01008nam a2200229 a 450000100100000000500170001000800410002704000250006808200220009310000280011524500850014325000110022826000560023930000200029549000370031550000920035270000320044483000440047695201200052095201210064099900170076100003405020200930070731.0110921s1967 ag 000 0 spa d aDO-SdBNPbspacBNPHU axxxxbB877m, 19671 aBrown, Arturo I.95949110aMaravillosamente hecho /cArturo I. Brown ; versión castellana Raquel Boqué. a2a ed. aArgentina :bCasa Bautista de Publicaciones,c1967. a71 p. ;c19 cm.1 aBiblioteca de libros condensados aEl cuerpo humano- "La obra maestra de Dios" a la luz de la biblia y la ciencia médica1 aBoqué, Raqueletr.959492 0aBiblioteca de libros condensados959493 001050718MOaGRbGRcCTd2011-09-21iLF1l0oxxxx B877m, 1967p34050-10r2020-06-25w2020-06-25y1ZNo se presta 0010507-18MOaGRbGRcOId2011-09-21iLF1l0oxxxx B877m, 1967p34051-10r2020-06-25w2020-06-25y1ZNo se presta c33541d33541